| 000 | 00690nam a2200193 i 4500 | ||
|---|---|---|---|
| 001 | 146816 | ||
| 003 | ES-MaACL | ||
| 007 | t| | ||
| 008 | 070918s1973 sp ||||1| spa d | ||
| 080 | _a621.3.049 | ||
| 100 | 1 |
_aTucker, David Gorda. _9111628 |
|
| 245 | 1 | 0 |
_aCircuitos con parámetros periódicamente variables _b: incluyendo moduladores y amplificadores paramétricos... / _cD.G. Tucker ; traducido por Rafael Ausejo... y Miguel Estarelles. |
| 260 |
_aBilbao : _bUrmo, _c[1973] |
||
| 300 |
_a176 p. : _bil. ; _c25 cm. |
||
| 650 | 1 | 4 |
_aCircuitos eléctricos. _911044 |
| 700 | 1 |
_aAusejo, Rafael. _923944 |
|
| 700 | 1 |
_aEstarelles, Miguel. _948015 |
|
| 852 |
_aES-MaACL _jE-8310 _bR.92573 |
||
| 999 |
_c146816 _d146816 |
||